000 00916nam a22002655i 4500
001 3814
005 20240510135440.0
020 _a9781453064573
040 _aDLC
_beng
_erda
_cDLC
050 _a428.6
082 _afic
100 1 _aSpyri, Johanna
_d1827-
_eauthor.
245 1 0 _aHeidi /
_cby Johanna Spyri
260 _aNew York :
_bDalmatian Press ;
_c2013
300 _a180 pages :
_billustrations ;
_c22 cm .
505 _aM
520 _a"Heidi lives with her grandfather in the Swiss Alps. When she is taken away to the city, she begins to miss the nature and people she left behind in the mountains"--
_cProvided by publisher.
521 _a530
_bLexile estimate
521 _aM
_bRaz-Plus
650 _achilideren
_vfiction
700 1 _aSayer, John
_eillustrator
700 1 _aCaprio, Mary
_eadaptor
906 _a0
_bibc
_corignew
_d2
_eepcn
_f20
_gy-gencatlg
942 _2ddc
_cBK
_n0
999 _c3814
_d3814